Statistiche per Elenca la formazione - Quiz n°84

Clicka qui per fare il quiz!

Statistiche generali

  • Questo quiz è stato fatto 20 volte
  • Il punteggio medio è 10 su 11

Statistiche sulle risposte

RuoloNazioneCalciatore% Corretto
PortiereItaliaAlex Meret
100%
AttaccanteBelgioDries Mertens
100%
DifensoreItaliaGiovanni Di Lorenzo
100%
DifensoreSenegalKalidou Koulibaly
100%
AttaccanteItaliaLorenzo Insigne
95%
DifensorePortogalloMário Rui
95%
CentrocampistaPoloniaPiotr Zieliński
95%
AttaccanteSpagnaJosé María Callejón
89%
CentrocampistaSpagnaFabián Ruiz
79%
CentrocampistaGermaniaDiego Demme
74%
DifensoreSerbiaNikola Maksimović
47%

Distribuzione punteggi

Percentile per numero di risposta

Percentuale di utenti per punteggio

I tuoi punteggi nel tempo

Non hai fatto questo quiz